[Event "AUTO-OPEN-3947"]
[Site "http://www.queenalice.com/game.php?id=1532941"]
[Date "2018.6.28"]
[Round "1"]
[White "Adrianovlg"]
[Black "InnerPiece"]
[Result "0-1"]
[WhiteElo "1994"]
[BlackElo "2281"]

1. e4 c5 2. Nf3 Nc6 3. d4 cxd4 4. Nxd4 g6 5. Nxc6 bxc6 6. Qd4 Nf6 7. e5 Nd5 8.
Bc4 Bg7 9. Bxd5 cxd5 10. Qxd5 Ba6 11. b3 O-O 12. Bb2 Qc7 13. c4 Bb7 14. Qd2 Bxg2
15. Rg1 Qc6 16. f4 Bf3 17. Nc3 d6 18. Nd5 Qb7 19. exd6 Bxd5 20. Bxg7 Kxg7 21.
Qd4+ f6 22. cxd5 exd6 23. O-O-O a5 24. f5 a4 25. fxg6 hxg6 26. Qd3 g5 27. Qf5
Qc8+ 28. Qxc8 Rfxc8+ 29. Kb2 Rh8 0-1

[Event "AUTO-OPEN-3947"]
[Site "http://www.queenalice.com/game.php?id=1532942"]
[Date "2018.6.28"]
[Round "1"]
[White "InnerPiece"]
[Black "Adrianovlg"]
[Result "1-0"]
[WhiteElo "2284"]
[BlackElo "1989"]

1. e4 c5 2. d3 d6 3. Nf3 Nf6 4. g3 g6 5. Bg2 Bg7 6. O-O O-O 7. Re1 Nc6 8. Nbd2
Nh5 9. c3 f5 10. Ng5 f4 11. Qb3+ e6 12. Nxe6 Bxe6 13. Qxe6+ Kh8 14. Nf3 Rf6 15.
Qb3 fxg3 16. fxg3 Qd7 17. Be3 Raf8 18. Rf1 Ne5 19. Nxe5 Rxf1+ 20. Rxf1 Rxf1+ 21.
Bxf1 Bxe5 22. d4 cxd4 23. cxd4 Bg7 24. Bg2 b6 25. Qd5 Nf6 26. Qa8+ Qe8 27. Qxe8+
Nxe8 28. Kf2 Nc7 29. Ke2 Kg8 30. Kd3 Kf7 31. Kc4 1-0

[Event "AUTO-MASTER-2705"]
[Site "http://www.queenalice.com/game.php?id=1534274"]
[Date "2018.7.10"]
[Round "2"]
[White "al93oliveira"]
[Black "Adrianovlg"]
[Result "1-0"]
[WhiteElo "2296"]
[BlackElo "1911"]

1. e4 c5 2. Nf3 d6 3. d4 cxd4 4. Nxd4 Nf6 5. Nc3 a6 6. Bg5 e5 7. Nf5 Bxf5 8.
exf5 Be7 9. Bc4 Nc6 10. Bxf6 Bxf6 11. O-O 1-0

[Event "AUTO-MASTER-2705"]
[Site "http://www.queenalice.com/game.php?id=1534275"]
[Date "2018.7.10"]
[Round "2"]
[White "Adrianovlg"]
[Black "al93oliveira"]
[Result "0-1"]
[WhiteElo "1909"]
[BlackElo "2297"]

1. e4 c5 2. Nf3 e6 3. d4 cxd4 4. Nxd4 Nf6 5. Nc3 d6 6. Be3 a6 7. Be2 Be7 8. O-O
O-O 9. f4 Nc6 10. Nb3 b5 11. Bf3 Qc7 12. Qd2 Bb7 13. Rae1 b4 0-1

[Event "Let's Play Chess!"]
[Site "http://www.queenalice.com/game.php?id=1534888"]
[Date "2018.7.16"]
[Round "-"]
[White "igorjava"]
[Black "Adrianovlg"]
[Result "1-0"]
[WhiteElo "1619"]
[BlackElo "1851"]

1. e4 c5 2. Nf3 d6 3. d4 cxd4 4. Nxd4 Nf6 5. Nc3 a6 6. a3 e6 7. Bg5 Be7 8. Bc4
Qc7 9. Bb3 O-O 10. O-O Nc6 11. Kh1 b5 12. f4 Nxd4 13. Qxd4 Bb7 14. e5 dxe5 15.
fxe5 Nd5 16. Nxd5 exd5 17. Bxe7 Qxe7 18. Rad1 Rac8 19. Rd2 Rfe8 20. Re1 1-0

[Event "Orlando Roças Junior"]
[Site "http://www.queenalice.com/game.php?id=1534895"]
[Date "2018.7.16"]
[Round "-"]
[White "zubarev"]
[Black "Adrianovlg"]
[Result "1-0"]
[WhiteElo "1791"]
[BlackElo "2161"]

1. a3 Nf6 2. Nc3 g6 3. d4 Bg7 4. Nf3 d6 5. e3 O-O 6. Bd3 Nbd7 7. O-O e5 8. dxe5
Nxe5 9. Nxe5 dxe5 10. Ne4 c6 11. Nxf6+ Qxf6 12. Bd2 Be6 13. f4 exf4 14. Bc3 Qe7
15. Bxg7 Kxg7 16. Rxf4 Rad8 17. Qe2 1-0

[Event "AUTO-OPEN-3953"]
[Site "http://www.queenalice.com/game.php?id=1534985"]
[Date "2018.7.16"]
[Round "1"]
[White "ArmandoFda"]
[Black "Adrianovlg"]
[Result "1-0"]
[WhiteElo "2662"]
[BlackElo "1985"]

1. e4 c5 2. Nf3 d6 3. Nc3 Nf6 4. d4 cxd4 5. Nxd4 g6 6. Be3 Bg7 7. f3 O-O 8. Bc4
Qc7 9. Bb3 a6 10. Qd2 b5 11. h4 1-0

[Event "AUTO-OPEN-3953"]
[Site "http://www.queenalice.com/game.php?id=1535011"]
[Date "2018.7.16"]
[Round "1"]
[White "Adrianovlg"]
[Black "maurice91"]
[Result "0-1"]
[WhiteElo "2117"]
[BlackElo "1858"]

1. e4 c6 2. d4 g6 3. Nc3 d5 4. e5 h5 5. Bd3 Nh6 6. Nf3 Bf5 7. Bg5 Qb6 8. Bxh6
Bxh6 9. Bxf5 gxf5 10. Na4 Qa5+ 11. c3 e6 12. Nc5 Qc7 13. b4 b6 14. Nd3 Nd7 15.
Qe2 Bg7 16. h4 O-O-O 17. a4 f6 0-1

[Event "AUTO-OPEN-3953"]
[Site "http://www.queenalice.com/game.php?id=1535012"]
[Date "2018.7.16"]
[Round "1"]
[White "maurice91"]
[Black "Adrianovlg"]
[Result "1-0"]
[WhiteElo "1830"]
[BlackElo "2138"]

1. d4 Nf6 2. Nf3 c5 3. d5 e6 4. c4 exd5 5. cxd5 d6 6. Nc3 g6 7. e4 Bg7 8. Qb3
O-O 9. Bd3 Re8 10. Bg5 a6 11. a4 Bg4 12. Nd2 Qc7 13. f3 1-0

[Event "AUTO-MASTER-2746"]
[Site "http://www.queenalice.com/game.php?id=1535069"]
[Date "2018.7.17"]
[Round "1"]
[White "Guilherme_Ottoni"]
[Black "Adrianovlg"]
[Result "1-0"]
[WhiteElo "2192"]
[BlackElo "2071"]

1. e4 c5 2. Nf3 d6 3. Bb5+ Bd7 4. Bxd7+ Qxd7 5. c4 Nf6 6. Nc3 g6 7. d4 cxd4 8.
Nxd4 Bg7 9. f3 Nc6 10. Be3 O-O 11. O-O Ne5 12. b3 a6 13. Qd2 Rac8 14. Rfd1 Rfd8
15. Rac1 Nc6 16. Nde2 1-0

[Event "AUTO-MASTER-2746"]
[Site "http://www.queenalice.com/game.php?id=1535070"]
[Date "2018.7.17"]
[Round "1"]
[White "Adrianovlg"]
[Black "Guilherme_Ottoni"]
[Result "0-1"]
[WhiteElo "2083"]
[BlackElo "2183"]

1. e4 e5 2. Nc3 Nf6 3. f4 d5 4. fxe5 Nxe4 5. Nf3 Be7 6. Qe2 Nxc3 7. dxc3 c5 8.
Be3 O-O 9. h4 Bg4 10. Qf2 Nc6 11. Bxc5 Bxf3 12. gxf3 Nxe5 13. Bxe7 Qxe7 14.
O-O-O Rad8 15. Rg1 b6 0-1

[Event "AUTO-MASTER-2746"]
[Site "http://www.queenalice.com/game.php?id=1535081"]
[Date "2018.7.17"]
[Round "1"]
[White "RobertD"]
[Black "Adrianovlg"]
[Result "1-0"]
[WhiteElo "2024"]
[BlackElo "2060"]

1. e4 c5 2. Bc4 Nc6 3. Nc3 g6 4. Qf3 Nf6 5. Nh3 Bg7 6. Nf4 Ne5 7. Qe2 Nxc4 8.
Qxc4 d6 9. Nfd5 Nxd5 10. exd5 e6 11. O-O O-O 12. b4 exd5 13. Qb3 c4 14. Qa3 1-0

[Event "AUTO-MASTER-2746"]
[Site "http://www.queenalice.com/game.php?id=1535082"]
[Date "2018.7.17"]
[Round "1"]
[White "Adrianovlg"]
[Black "RobertD"]
[Result "0-1"]
[WhiteElo "2043"]
[BlackElo "2041"]

1. e4 e5 2. Nc3 Bc5 3. f4 Bxg1 4. Rxg1 Qh4+ 5. g3 Qxh2 6. Rg2 Qh6 7. fxe5 Qe6 8.
d4 d6 9. exd6 cxd6 10. Bf4 Ne7 11. Qf3 a6 12. Bd3 Qg4 13. Qxg4 Bxg4 14. Bxd6 Kd7
15. Bf4 Nbc6 16. Be2 h5 17. Bxg4+ hxg4 18. O-O-O Rad8 0-1